গ্রামের একাত্তর / (Record no. 11603)
[ view plain ]
| 000 -LEADER | |
|---|---|
| fixed length control field | 00749nam a2200229 a 4500 |
| 001 - CONTROL NUMBER | |
| JCCL Control Number | 11603 |
| 003 - CONTROL NUMBER IDENTIFIER | |
| JCCL marc code | BD-JhCC |
| 005 - DATE AND TIME OF LATEST TRANSACTION | |
| control field | 20200705112259.0 |
| 008 - FIXED-LENGTH DATA ELEMENTS--GENERAL INFORMATION | |
| fixed length control field | 200705b2019 bg |||| ||a| 001 0 ben d |
| 020 ## - INTERNATIONAL STANDARD BOOK NUMBER | |
| International Standard Book Number | 9789845063197 |
| 035 ## - SYSTEM CONTROL NUMBER | |
| system control number | (BD-JhCC)11603 |
| 040 ## - CATALOGING SOURCE | |
| Original cataloging agency | BD-JhCC |
| Modifying agency | BD-JhCC |
| 041 ## - LANGUAGE CODE | |
| Language code of Book | ben |
| 082 ## - DEWEY DECIMAL CLASSIFICATION NUMBER | |
| Classification number | 954.9205 |
| Author mark and Year | GRA 2019 |
| 245 ## - TITLE STATEMENT | |
| Title | গ্রামের একাত্তর / |
| Statement of responsibility, etc | সম্পা: আফসান চৌধুরী । |
| 260 ## - PUBLICATION, DISTRIBUTION, ETC. (IMPRINT) | |
| Place of publication, distribution, etc | ঢাকা: |
| Name of publisher, distributor, etc | ইউনিভার্সিটি প্রেস লিমিটেড; |
| Date of publication, distribution, etc | ২০১৯. |
| 300 ## - PHYSICAL DESCRIPTION | |
| Pagination | 205p . : |
| Dimensions | 22 cm. |
| 650 ## - SUBJECT ADDED ENTRY--TOPICAL TERM | |
| Topical term or geographic name as entry element | History of Liberation |
| Geographic subdivision | Bangladesh |
| 700 ## - ADDED ENTRY--PERSONAL NAME | |
| Personal name | চৌধুরী, আফসান |
| 942 ## - ADDED ENTRY ELEMENTS (KOHA) | |
| Source of classification or shelving scheme | Dewey Decimal Classification |
| Koha item type | Books |
| Source of classification or shelving scheme | Damaged status | Not for loan | Home library | Current library | Shelving location | Date of accession | Cost, normal purchase price | Total Checkouts | Full call number | Barcode | Date last seen | Copy number | Koha item type |
|---|---|---|---|---|---|---|---|---|---|---|---|---|---|
| Dewey Decimal Classification | JCC Rouf Library | JCC Rouf Library | General Stacks | 07/05/2020 | 330.00 | 954.9205 GRA 2019 | 15900 | 07/05/2020 | C-1 | Books |